| 000 | 00439nam a22001697a 4500 | ||
|---|---|---|---|
| 999 |
_c523670 _d523670 |
||
| 003 | NUST | ||
| 038 | _awaseem | ||
| 082 |
_a954 _bALI |
||
| 100 |
_aAli, Mubharak _914444 |
||
| 245 |
_aQadeem Hindustan / _cMubharak Ali |
||
| 260 |
_aLahore : _bActionaid International, _c2007. |
||
| 300 | _a72 p. ; | ||
| 500 | _aHardcover. | ||
| 880 |
_6100-02\r _aمبارک علی |
||
| 880 |
_6245-02\r _aقدیم ہندوستان / |
||
| 942 |
_2ddc _cBK |
||